|
|
|
|
| LEADER |
00000nam a22000007a 4500 |
| 005 |
20171205165748.0 |
| 007 |
cr|||| |||| |
| 008 |
171205s2011 mx |||||s|||| 00||0 spa d |
| 020 |
|
|
|a 978-607-401-466-2
|
| 035 |
|
|
|a 20775
|
| 040 |
|
|
|a vLex
|
| 090 |
|
|
|c 7262
|d 7262
|
| 245 |
0 |
0 |
|a Elementos para entender el cambio climt̀ico y sus impactos
|h [Recurso electrn̤ico]
|
| 256 |
|
|
|a Servicio en ln̕ea
|
| 260 |
|
|
|a Ciudad de Mx̌ico:
|b Cm̀ara de Diputados,
|c 2011
|
| 300 |
|
|
|a 1 recurso electrn̤ico (176p.)
|
| 506 |
1 |
|
|a Disponible solo en los productos indicados
|d vLex Global
|d vLex Global (Academic Edition, excluding Law Schools)
|d vLex Global (U.S. Academic Edition, Law Schools)
|d vLex Global (U.S. Academic Edition, excluding Law Schools)
|d vLex Global (Academic Edition, Law Schools)
|
| 650 |
0 |
4 |
|a Derecho del Medio Ambiente
|z Mx̌ico
|
| 740 |
0 |
|
|a vLex Libros (Servicio en ln̕ea)
|
| 856 |
4 |
0 |
|u http://vlex.com/source/elementos-entender-cambio-climatico-impactos-20775
|z Acceso restringido
|
| 942 |
|
|
|c BOOK
|
| 999 |
0 |
|
|a Environmental law
|